[Event "Titled Tuesday intern op 14th Nov Early"]
[Site "Chess.com INT"]
[Date "2023.11.14"]
[Round "6"]
[White "Santryan, Davit"]
[Black "Skatchkov, Valery"]
[Result "1-0"]
[WhiteElo "2120"]
[BlackElo "2213"]
[PlyCount "95"]
[EventDate "2023.11.14"]
[EventType "swiss (blitz)"]
[EventRounds "11"]
[EventCountry "USA"]
[SourceTitle "CBM 217 Extra"]
[Source "ChessBase"]
[SourceDate "2024.01.31"]
[SourceVersion "1"]
[SourceVersionDate "2024.01.31"]
[SourceQuality "1"]

1. d4 Nf6 2. e3 d5 3. Bd3 Bg4 4. Ne2 Nbd7 5. h3 Bh5 6. b3 e5 7. dxe5 Nxe5 8. Bb2 Bd6 9. g4 Nf3+ 10. Kf1 Bg6 11. Bxg6 hxg6 12. Nec3 Ne5 13. Nxd5 Nfxg4 14. Nd2 Qh4 15. Qe2 0-0-0 16. Kg2 Nf6 17. Nxf6 gxf6 18. f4 Nc6 19. Qg4+ Qxg4+ 20. hxg4 Rhe8 21. Bxf6 Be7 22. Bc3 Bb4 23. Bxb4 Nxb4 24. Nc4 Nxc2 25. Rac1 Nxe3+ 26. Kf3 Nxc4 27. Rxc4 Rd3+ 28. Kf2 Rd2+ 29. Kf3 Rxa2 30. Rh7 Re7 31. f5 gxf5 32. gxf5 b6 33. Rd4 Ra5 34. Kf4 Rb5 35. b4 c6 36. f6 Rc7 37. Re4 Rd7 38. Rh8+ Kc7 39. Rf8 Rbd5 40. Re7 Rd4+ 41. Kg5 Kd6 42. Rxd7+ Kxd7 43. Rxf7+ Ke6 44. Re7+ Kd6 45. Rxa7 Rd1 46. f7 Rf1 47. Kg6 Ke6 48. Rc7 1-0

[Event "Athens Iraklion op 25th"]
[Site "Athens"]
[Date "2023.06.23"]
[Round "7"]
[White "Santryan, Davit"]
[Black "Koukas, Anastasios"]
[Result "1/2-1/2"]
[WhiteElo "2228"]
[BlackElo "2003"]
[PlyCount "69"]
[EventDate "2023.06.17"]
[EventType "swiss"]
[EventRounds "9"]
[EventCountry "GRE"]
[SourceTitle "CBM 214 Extra"]
[Source "ChessBase"]
[SourceDate "2023.07.31"]
[SourceVersion "1"]
[SourceVersionDate "2023.07.31"]
[SourceQuality "1"]

1. e4 d6 2. d4 Nf6 3. Nc3 e5 4. Nf3 Nbd7 5. Rg1 exd4 6. Nxd4 g6 7. Be3 Bg7 8. f3 0-0 9. g4 Nb6 10. Nb3 Be6 11. Qd2 Nfd7 12. f4 Bc4 13. 0-0-0 Bd3 14. Be2 Bxe2 15. Rde1 Bf1 16. Rexf1 Nc4 17. Qd3 Nxe3 18. Qxe3 Nb6 19. g5 f5 20. gxf6 Qxf6 21. f5 Qh4 22. Kb1 Rae8 23. Nd4 Qf6 24. Ndb5 c6 25. Nc7 Re7 26. Qh3 Nc4 27. Ka1 Nd2 28. Rf2 Nxe4 29. fxg6 Ng5 30. gxh7+ Kh8 31. Rxf6 Nxh3 32. Rxf8+ Bxf8 33. Rg8+ Kxh7 34. Rxf8 Rxc7 35. Kb1 1/2-1/2

[Event "EU-ch U18"]
[Site "Bratislava"]
[Date "2019.08.10"]
[Round "9"]
[White "Iliaguev, Nisim"]
[Black "Santryan, Davit"]
[Result "1-0"]
[WhiteElo "2324"]
[BlackElo "2167"]
[PlyCount "75"]
[EventDate "2019.08.02"]
[EventType "swiss"]
[EventRounds "9"]
[EventCountry "SVK"]
[SourceTitle "CBM 191 Extra"]
[Source "ChessBase"]
[SourceDate "2019.09.30"]
[SourceVersion "1"]
[SourceVersionDate "2019.09.30"]
[SourceQuality "1"]

1. d4 Nf6 2. c4 g6 3. g3 Bg7 4. Bg2 0-0 5. Nc3 d6 6. Nf3 Nbd7 7. 0-0 e5 8. b3 Re8 9. Bb2 exd4 10. Nxd4 a5 11. Qc2 c6 12. Rad1 Qc7 13. Ba3 Nc5 14. Ndb5 cxb5 15. Nxb5 Qb8 16. Nxd6 Re5 17. f4 Rh5 18. f5 Na6 19. e4 Nb4 20. Qe2 Qa7+ 21. Kh1 gxf5 22. exf5 Bd7 23. Bb2 Rh6 24. Qe7 Be8 25. Rf4 Nc6 26. Qe2 Kf8 27. g4 Rh4 28. Qe1 Rxg4 29. Bxf6 Rxg2 30. Kxg2 Bxf6 31. Re4 Be7 32. Nxe8 Rxe8 33. f6 Bxf6 34. Rxe8+ Kg7 35. Qg3+ Kh6 36. Qf4+ Kg7 37. Qg4+ Kh6 38. Rd3 1-0

[Event "EU-ch U18"]
[Site "Bratislava"]
[Date "2019.08.03"]
[Round "2"]
[White "Santryan, Davit"]
[Black "Sivcak, Matej"]
[Result "1-0"]
[WhiteElo "2167"]
[BlackElo "1821"]
[PlyCount "59"]
[EventDate "2019.08.02"]
[EventType "swiss"]
[EventRounds "9"]
[EventCountry "SVK"]
[SourceTitle "CBM 191 Extra"]
[Source "ChessBase"]
[SourceDate "2019.09.30"]
[SourceVersion "1"]
[SourceVersionDate "2019.09.30"]
[SourceQuality "1"]

1. d4 d5 2. c4 e6 3. Nf3 c6 4. Nc3 Nf6 5. g3 Bd6 6. Bg2 0-0 7. 0-0 Nbd7 8. Nd2 Re8 9. e4 dxe4 10. Ndxe4 Bc7 11. b3 e5 12. d5 cxd5 13. cxd5 Nxe4 14. Nxe4 Nb6 15. d6 Bb8 16. Qh5 f6 17. Nxf6+ gxf6 18. Be4 f5 19. Bg5 Qd7 20. Bxf5 Qxf5 21. Qxe8+ Qf8 22. Qxf8+ Kxf8 23. Rfd1 Ke8 24. Rac1 Bg4 25. f3 Be6 26. Rc5 Kd7 27. Rxe5 Bxd6 28. Bf4 Rd8 29. Rh5 Nd5 30. Rhxd5 1-0

[Event "Yerevan op 2nd"]
[Site "Yerevan"]
[Date "2017.09.24"]
[Round "6"]
[White "Kalashian, David"]
[Black "Santryan, Davit"]
[Result "1-0"]
[WhiteElo "2389"]
[BlackElo "2085"]
[PlyCount "63"]
[EventDate "2017.09.19"]
[EventType "swiss"]
[EventRounds "9"]
[EventCountry "ARM"]
[SourceTitle "CBM 180 Extra"]
[Source "ChessBase"]
[SourceDate "2017.10.06"]
[SourceVersion "1"]
[SourceVersionDate "2017.10.06"]
[SourceQuality "1"]

1. d4 Nf6 2. c4 c5 3. Nf3 g6 4. Nc3 cxd4 5. Nxd4 d5 6. e3 Nc6 7. Qa4 Bg7 8. Nxc6 bxc6 9. cxd5 0-0 10. dxc6 Qb6 11. Be2 Be6 12. Bf3 Rfd8 13. c7 Qxc7 14. Bxa8 Rxa8 15. Qf4 Qxf4 16. exf4 Nd5 17. Nxd5 Bxd5 18. 0-0 Rb8 19. Rd1 e6 20. Be3 Bxb2 21. Rab1 Rb4 22. Rd2 Bc3 23. Rxb4 Bxb4 24. Rb2 a5 25. Bd2 Kf8 26. Bxb4+ axb4 27. f3 Ke7 28. Kf2 Kd6 29. Rxb4 Bxa2 30. Rb7 e5 31. Rb6+ Kc7 32. Rb2 1-0

[Event "Yerevan op 2nd"]
[Site "Yerevan"]
[Date "2017.09.23"]
[Round "5"]
[White "Santryan, Davit"]
[Black "Piliposyan, Gor"]
[Result "1-0"]
[WhiteElo "2085"]
[BlackElo "1464"]
[PlyCount "33"]
[EventDate "2017.09.19"]
[EventType "swiss"]
[EventRounds "9"]
[EventCountry "ARM"]
[SourceTitle "CBM 180 Extra"]
[Source "ChessBase"]
[SourceDate "2017.10.06"]
[SourceVersion "1"]
[SourceVersionDate "2017.10.06"]
[SourceQuality "1"]

1. d4 Nf6 2. Nf3 e6 3. c4 c5 4. d5 b5 5. Bg5 h6 6. Bxf6 gxf6 7. cxb5 f5 8. Nc3 a6 9. dxe6 fxe6 10. e4 fxe4 11. Nxe4 Bb7 12. Nfd2 Qh4 13. Qf3 Ra7 14. b6 Bxe4 15. bxa7 Bxf3 16. axb8Q+ Ke7 17. Qe5 1-0

[Event "Yerevan op 1st"]
[Site "Yerevan"]
[Date "2016.10.09"]
[Round "8"]
[White "Santryan, Davit"]
[Black "Yeritsyan, Hayk"]
[Result "0-1"]
[WhiteElo "1929"]
[BlackElo "2137"]
[PlyCount "86"]
[EventDate "2016.10.02"]
[EventType "swiss"]
[EventRounds "9"]
[EventCountry "ARM"]
[SourceTitle "EXT 2017"]
[Source "ChessBase"]
[SourceDate "2016.10.25"]
[SourceVersion "1"]
[SourceVersionDate "2016.10.25"]
[SourceQuality "1"]

1. d4 Nf6 2. Bg5 e6 3. e4 d5 4. e5 h6 5. Be3 Nfd7 6. Bd3 c5 7. c3 Qb6 8. b3 cxd4 9. cxd4 Nc6 10. Nf3 Bb4+ 11. Kf1 0-0 12. g3 f6 13. exf6 Nxf6 14. a3 Bd6 15. Nc3 Bd7 16. Kg2 Be8 17. h3 Rc8 18. Na4 Qd8 19. b4 Ne4 20. Nc5 Bxc5 21. bxc5 Qf6 22. Rc1 Bg6 23. Rf1 Rc7 24. Bf4 Rcf7 25. Ne5 Nxe5 26. dxe5 Qe7 27. Qe2 Rxf4 28. gxf4 Rxf4 29. Bxe4 dxe4 30. Rg1 Qh4 31. Kf1 e3 32. Qxe3 Bd3+ 33. Kg2 Be4+ 34. Kf1 Bd3+ 35. Kg2 Be4+ 36. Kf1 Rf3 37. Qd2 Bd3+ 38. Ke1 Qe4+ 39. Kd1 Bb5 40. Rc3 Qb1+ 41. Qc1 Qa2 42. Qc2 Qa1+ 43. Qc1 Qxc3 0-1

[Event "Yerevan op 1st"]
[Site "Yerevan"]
[Date "2016.10.08"]
[Round "7"]
[White "Kocharyan, Hovik"]
[Black "Santryan, Davit"]
[Result "1-0"]
[WhiteElo "2128"]
[BlackElo "1929"]
[PlyCount "109"]
[EventDate "2016.10.02"]
[EventType "swiss"]
[EventRounds "9"]
[EventCountry "ARM"]
[SourceTitle "EXT 2017"]
[Source "ChessBase"]
[SourceDate "2016.10.25"]
[SourceVersion "1"]
[SourceVersionDate "2016.10.25"]
[SourceQuality "1"]

1. d4 g6 2. c4 Bg7 3. e4 c5 4. d5 d6 5. Bd3 Nf6 6. Nc3 0-0 7. h3 Na6 8. Nf3 Nc7 9. 0-0 Rb8 10. Bf4 b5 11. cxb5 a6 12. a4 axb5 13. axb5 Bd7 14. Qe2 Nh5 15. Bd2 e6 16. Rfb1 exd5 17. exd5 Re8 18. Qf1 Nf6 19. Bc4 Bf5 20. Bd3 Qc8 21. Bf4 Bf8 22. Nh4 Bd7 23. Bc4 Qb7 24. b4 Ncxd5 25. Nxd5 Nxd5 26. bxc5 Nxf4 27. c6 Bxc6 28. bxc6 Qxc6 29. Bb5 Qe4 30. Re1 Qxe1 31. Rxe1 Rxe1 32. Qxe1 Rxb5 33. Qe4 Ne6 34. Qc6 Rb8 35. Nf3 Rd8 36. Qb6 Rc8 37. g3 Be7 38. h4 Rd8 39. h5 Bf6 40. Nh2 d5 41. Ng4 Bg7 42. h6 Bh8 43. Kf1 d4 44. Ke2 d3+ 45. Kd2 Bd4 46. Qa5 Rd7 47. Qa8+ Rd8 48. Qc6 Bh8 49. Ne3 Nd4 50. Qb7 Ne6 51. Nd5 Bd4 52. Ne7+ Kf8 53. Nc6 Re8 54. Nxd4 Nxd4 55. Qb4+ 1-0

[Event "Yerevan op 1st"]
[Site "Yerevan"]
[Date "2016.10.06"]
[Round "5"]
[White "Gevorgyan, David"]
[Black "Santryan, Davit"]
[Result "1-0"]
[WhiteElo "2335"]
[BlackElo "1929"]
[PlyCount "77"]
[EventDate "2016.10.02"]
[EventType "swiss"]
[EventRounds "9"]
[EventCountry "ARM"]
[SourceTitle "EXT 2017"]
[Source "ChessBase"]
[SourceDate "2016.10.25"]
[SourceVersion "1"]
[SourceVersionDate "2016.10.25"]
[SourceQuality "1"]

1. d4 Nf6 2. c4 c5 3. d5 b5 4. Qc2 bxc4 5. e4 d6 6. Bxc4 g6 7. Nf3 Bg7 8. 0-0 0-0 9. Nc3 Nbd7 10. h3 Nb6 11. Be2 a5 12. a4 Ne8 13. Bf4 Nc7 14. Rad1 Na6 15. b3 Nb4 16. Qd2 c4 17. bxc4 Ba6 18. Bh6 Bh8 19. c5 Nc4 20. Bxc4 Bxc4 21. Bxf8 Qxf8 22. c6 Bxf1 23. Rxf1 Qd8 24. Nb5 Qb6 25. Qe3 Qxe3 26. fxe3 f5 27. c7 fxe4 28. Rc1 Rc8 29. Na7 Rxc7 30. Rxc7 exf3 31. Rxe7 Bf6 32. Re6 Be5 33. Nc6 Bg3 34. Nxb4 axb4 35. Re4 Be1 36. gxf3 Kf7 37. Kf1 Bc3 38. Rc4 Kf6 39. Ke2 1-0

[Event "Yerevan op 1st"]
[Site "Yerevan"]
[Date "2016.10.03"]
[Round "2"]
[White "Santryan, Davit"]
[Black "Ohanyan, Emin"]
[Result "1-0"]
[WhiteElo "1929"]
[BlackElo "1508"]
[PlyCount "67"]
[EventDate "2016.10.02"]
[EventType "swiss"]
[EventRounds "9"]
[EventCountry "ARM"]
[SourceTitle "EXT 2017"]
[Source "ChessBase"]
[SourceDate "2016.10.25"]
[SourceVersion "1"]
[SourceVersionDate "2016.10.25"]
[SourceQuality "1"]

1. c4 Nf6 2. Nf3 g6 3. d4 Bg7 4. Nc3 d6 5. Bg5 0-0 6. e3 c5 7. d5 Bg4 8. Be2 Nbd7 9. h3 Bxf3 10. Bxf3 h6 11. Bh4 Qb6 12. Qd2 Ne5 13. Be2 Qb4 14. b3 g5 15. Bg3 Nh5 16. Bxe5 Bxe5 17. Rc1 Nf6 18. Bd3 e6 19. dxe6 fxe6 20. 0-0 d5 21. Bb1 d4 22. Qd3 dxc3 23. Qg6+ Kh8 24. Qxh6+ Kg8 25. Qxg5+ Kf7 26. Qxe5 Qb6 27. Rxc3 Nd7 28. Qh5+ Ke7 29. Qg5+ Rf6 30. Rd1 Raf8 31. Rcd3 Qc7 32. Rxd7+ Qxd7 33. Rxd7+ Kxd7 34. f4 1-0

[Event "Heraklion Gazi op 12th"]
[Site "Malevizi"]
[Date "2016.07.29"]
[Round "2"]
[White "Makka, Ioulia"]
[Black "Santryan, Davit"]
[Result "1/2-1/2"]
[WhiteElo "2129"]
[BlackElo "1867"]
[PlyCount "124"]
[EventDate "2016.07.28"]
[EventType "swiss"]
[EventRounds "9"]
[EventCountry "GRE"]
[SourceTitle "CBM 173 Extra"]
[Source "ChessBase"]
[SourceDate "2016.08.29"]
[SourceVersion "1"]
[SourceVersionDate "2016.08.29"]
[SourceQuality "1"]

1. e4 e5 2. Nf3 Nc6 3. Bb5 a6 4. Ba4 Nf6 5. Bxc6 dxc6 6. d3 Bd6 7. Nbd2 Be6 8. b3 Nd7 9. Bb2 Qe7 10. a3 f6 11. Nc4 0-0 12. 0-0 c5 13. Qe1 Nb8 14. Nfd2 Nc6 15. Nxd6 cxd6 16. f4 Nd4 17. Rc1 Rac8 18. f5 Bf7 19. c4 b5 20. Kh1 Rb8 21. Bc3 Rb7 22. g4 bxc4 23. bxc4 Be8 24. Rb1 Ba4 25. Rxb7 Qxb7 26. Rg1 Bc2 27. Qe3 Kh8 28. h4 Qc6 29. Kh2 Qa4 30. g5 fxg5 31. Qxg5 Qd7 32. Bxd4 cxd4 33. Rg3 Qf7 34. Rf3 Qf6 35. Qg3 Qh6 36. Nf1 Rb8 37. Rf2 Bd1 38. Rd2 Rb1 39. Kg1 Bh5 40. Qf2 Qf4 41. Qxf4 exf4 42. Kf2 Kg8 43. Nh2 Kf7 44. Nf3 Bxf3 45. Kxf3 Rf1+ 46. Kg2 Ra1 47. a4 Kf6 48. Rb2 Ra3 49. Rb6 Ke5 50. c5 f3+ 51. Kg3 f2 52. Kxf2 dxc5 53. Ke2 Kf4 54. Rb7 Ra2+ 55. Kd1 Ke3 56. e5 Kxd3 57. Rb3+ Ke4 58. e6 Ra1+ 59. Kd2 Ra2+ 60. Ke1 Ra1+ 61. Ke2 Ra2+ 62. Kd1 Ra1+ 1/2-1/2

[Event "EU-ch U12 24th"]
[Site "Batumi"]
[Date "2014.10.24"]
[Round "6"]
[White "Gadimbayli, Abdulla Azar"]
[Black "Santryan, Davit"]
[Result "0-1"]
[WhiteElo "2141"]
[BlackElo "1891"]
[PlyCount "84"]
[EventDate "2014.10.19"]
[EventType "swiss"]
[EventRounds "9"]
[EventCountry "GEO"]
[SourceTitle "EXT 2016"]
[Source "ChessBase"]
[SourceDate "2015.10.08"]
[SourceVersion "1"]
[SourceVersionDate "2015.10.08"]
[SourceQuality "1"]

1. e4 e5 2. Nf3 Nc6 3. Bb5 a6 4. Ba4 Nf6 5. 0-0 d6 6. Re1 b5 7. Bb3 Be7 8. c3 0-0 9. h3 Nb8 10. d4 Nbd7 11. Nbd2 Bb7 12. Bc2 Re8 13. Nf1 Bf8 14. Ng3 g6 15. Bd2 h6 16. Nh4 c5 17. Nf3 Bg7 18. d5 c4 19. Be3 Nc5 20. Nh2 Qc7 21. Ng4 h5 22. Nxf6+ Bxf6 23. Bh6 Qe7 24. Nxh5 gxh5 25. Qxh5 Nd7 26. Qg4+ Kh7 27. Qh5 Kg8 28. Qg4+ Kh7 29. Qh5 Kg8 30. f4 Nf8 31. Qg4+ Kh8 32. Rf1 Nh7 33. fxe5 dxe5 34. Qh5 Rg8 35. Rf3 Rg6 36. Raf1 Rag8 37. g4 Qe8 38. Kh1 Qd7 39. g5 Bxg5 40. Bxg5 Rxg5 41. Qh6 R5g6 42. Qh5 R8g7 0-1

[Event "Wch U12"]
[Site "Al Ain"]
[Date "2013.12.24"]
[Round "8"]
[White "Zenchanka, Pavel"]
[Black "Santryan, Davit"]
[Result "1/2-1/2"]
[WhiteElo "1826"]
[BlackElo "1718"]
[PlyCount "49"]
[EventDate "2013.12.18"]
[EventType "swiss"]
[EventRounds "11"]
[EventCountry "UAE"]
[SourceTitle "CBM 158 Extra"]
[Source "ChessBase"]
[SourceDate "2014.02.28"]
[SourceVersion "1"]
[SourceVersionDate "2014.02.28"]
[SourceQuality "1"]

1. d4 Nf6 2. g3 g6 3. Bg2 Bg7 4. Nf3 0-0 5. 0-0 d6 6. Nc3 Nbd7 7. e4 e5 8. Re1 exd4 9. Nxd4 Re8 10. h3 Nc5 11. a4 c6 12. Bf4 d5 13. exd5 Rxe1+ 14. Qxe1 cxd5 15. Rd1 Bd7 16. b3 Qe8 17. Be5 Nce4 18. Nxe4 Qxe5 19. Nxf6+ Qxf6 20. Bxd5 Re8 21. Qd2 Bxh3 22. Bxb7 Rd8 23. c3 Qb6 24. Be4 Qf6 25. Bb7 1/2-1/2

[Event "Wch U12"]
[Site "Al Ain"]
[Date "2013.12.18"]
[Round "1"]
[White "Santryan, Davit"]
[Black "Gholami, Aryan"]
[Result "0-1"]
[WhiteElo "1718"]
[BlackElo "2192"]
[PlyCount "58"]
[EventDate "2013.12.18"]
[EventType "swiss"]
[EventRounds "11"]
[EventCountry "UAE"]
[SourceTitle "CBM 158 Extra"]
[Source "ChessBase"]
[SourceDate "2014.02.28"]
[SourceVersion "1"]
[SourceVersionDate "2014.02.28"]
[SourceQuality "1"]

1. d4 Nf6 2. Nf3 g6 3. c4 Bg7 4. Nc3 d5 5. Bg5 Ne4 6. cxd5 Nxg5 7. Nxg5 e6 8. Nf3 exd5 9. e3 0-0 10. Bd3 c5 11. 0-0 b6 12. dxc5 bxc5 13. Qa4 Bb7 14. Rfd1 Nd7 15. Be2 Nb6 16. Qb3 Rb8 17. Rd2 Qe7 18. Rad1 Rfd8 19. Qc2 Bh6 20. Rd3 d4 21. exd4 c4 22. R3d2 Re8 23. h3 Bxd2 24. Qxd2 Na4 25. Bxc4 Bxf3 26. gxf3 Nxb2 27. Nb5 Rxb5 28. Bxb5 Nxd1 29. Qxd1 Qg5+ 0-1